Normal view
MARC view
Entry Personal Name
001 - CONTROL NUMBER
- control field: 16121
003 - CONTROL NUMBER IDENTIFIER
- control field: BD-RjUL
005 - DATE AND TIME OF LATEST TRANSACTION
- control field: 20250721114040.0
008 - FIXED-LENGTH DATA ELEMENTS
- fixed length control field: 250721|| aca||aabn | a|a d
040 ## - CATALOGING SOURCE
- Original cataloging agency: BD-RjUL
- Transcribing agency: BD-RjUL
100 ## - HEADING--PERSONAL NAME
- Personal name: Robertson, D.W
670 ## - SOURCE DATA FOUND
- Source citation: Work cat.: (BD-RjUL)85251: Robertson, D.W., Piers Plowman and scriptural tradition /, 1951